[Event "TCh-CHN 2012"]
[Site "Hangzhou CHN"]
[Date "2012.09.23"]
[Round "12"]
[White "Huang Qian"]
[Black "Zhai Mo"]
[Result "1-0"]
[WhiteElo "2399"]
[BlackElo "2262"]

1.d4 Nf6 2.c4 e6 3.Nc3 Bb4 4.Nf3 b6 5.Bg5 h6 6.Bh4 Bb7 7.Nd2 Qe7 8.a3 Bxc3
9.bxc3 d6 10.f3 Nbd7 11.e4 e5 12.Be2 Nf8 13.Qa4+ Qd7 14.Qxd7+ N6xd7 15.Bf2 Ne6
16.O-O O-O 17.Rfe1 a5 18.Rab1 Rad8 19.Bf1 Rfe8 20.Nb3 Ba6 21.Na1 g6 22.Nc2 Kg7
23.Red1 Rb8 24.Ne3 Red8 25.Rd2 Kf8 26.Bh4 Ng5 27.Be2 exd4 28.cxd4 Re8 29.Nd5 Rbc8
30.Bf1 Kg7 31.Nc3 Bb7 32.Bf2 Ne6 33.Nb5 Kg8 34.Bg3 Ba6 35.c5 bxc5 36.Nxd6 cxd6
37.Bxa6 Rb8 38.Rxb8 Rxb8 39.dxc5 Ndxc5 40.Bc4 Rb1+ 41.Kf2 Ng5 42.Bd5 Rb6
43.h4 Nge6 44.Bxe6 Nxe6 45.Bxd6 Rb5 46.Rd5 Rb6 47.Be5 Ra6 48.a4 Kf8 49.Rb5 Ra7
50.Ke3 Ke8 51.Bc3 Rc7 52.Bxa5 Rc4 53.Bb4 Nc7 54.Kd3 Rc6 55.Rb7 Na6 56.Ba3 Nc7
57.a5 Kd7 58.Rb6 Rxb6 59.axb6 Ne6 60.Bc1 Nc5+ 61.Kc4 Na4 62.Kb5  1-0

[Event "1st Simon Bolivar Open 2012"]
[Site "San Cristobal VEN"]
[Date "2012.09.28"]
[Round "6.9"]
[White "Alvarez Pedraza,A"]
[Black "Sanchez L,S"]
[Result "1-0"]
[WhiteElo "2526"]
[BlackElo "2269"]

1.d4 Nf6 2.c4 e6 3.Nc3 Bb4 4.Nf3 b6 5.Qc2 Bb7 6.a3 Bxc3+ 7.Qxc3 O-O 8.g3 Ne4
9.Qc2 c5 10.Bg2 Qc8 11.dxc5 bxc5 12.O-O f5 13.Rd1 Nc6 14.Bf4 Re8 15.Be5 Nxe5
16.Nxe5 d6 17.f3 Nxg3 18.Rxd6 Nh5 19.Qc3 Rd8 20.Rad1 Rxd6 21.Rxd6 Qf8 22.Qd2 Qf6
23.Nd7 Qe7 24.Nxc5  1-0

[Event "21st TCh-CRO 1a 2012"]
[Site "Sibenik CRO"]
[Date "2012.09.28"]
[Round "6.15"]
[White "Kuljasevic,D"]
[Black "Brkic,A"]
[Result "1/2-1/2"]
[WhiteElo "2555"]
[BlackElo "2584"]

1.d4 Nf6 2.c4 e6 3.Nc3 Bb4 4.Nf3 c5 5.e3 d5 6.Bd3 O-O 7.O-O Nc6 8.a3 Ba5
9.h3 dxc4 10.Bxc4 h6 11.Qd3 cxd4 12.exd4 Bc7 13.Re1 b6 14.Be3 Bb7 15.Rad1 Ne7
16.Ne5 Bxe5 17.dxe5 Qxd3 18.Rxd3 Nfd5 19.Nxd5 Nxd5 20.Bxd5 Bxd5 21.Rc1 Rfc8
22.Rdc3 Rxc3 23.Rxc3 Rb8 24.b4 h5 25.f3 Rb7 26.Kf2 Kh7 27.a4 Kg6 28.g4 a6
29.Rc8 hxg4 30.hxg4 a5 31.bxa5 bxa5 32.Rc5 Rb2+ 33.Kg3 Rb3 34.Kf2 Rb2+ 35.Kg3 Re2
36.Bd4 Ra2 37.Bc3 Ra3 38.f4  1/2-1/2

[Event "21st TCh-CRO 1a 2012"]
[Site "Sibenik CRO"]
[Date "2012.09.29"]
[Round "7.14"]
[White "Bosiocic,Mari"]
[Black "Zelcic,R"]
[Result "1/2-1/2"]
[WhiteElo "2577"]
[BlackElo "2561"]

1.d4 Nf6 2.c4 e6 3.Nc3 Bb4 4.Nf3 c5 5.e3 b6 6.Bd3 Bb7 7.O-O O-O 8.Bd2 d5
9.a3 cxd4 10.exd4 dxc4 11.Bxc4 Be7 12.Bg5 Nbd7 13.Re1 Rc8 14.Ba2 Re8 15.Rc1 Nf8
16.Ne5 N6d7 17.Bxe7 Rxe7 18.Ng4 Ng6 19.g3 Ndf8 20.Rc2 Rcc7 21.Rd2 Qa8 22.d5 exd5
23.Bxd5 Rxe1+ 24.Qxe1 Re7 25.Qd1 Qe8 26.Ne3 Bxd5 27.Ncxd5 Re5 28.h4 h6 29.h5 Ne7
30.Nxe7+ Qxe7 31.Rd8 Qc7 32.g4 Rc5 33.Kg2 Qb7+ 34.Qf3 Qxf3+ 35.Kxf3 g6 36.Ra8 a5
37.hxg6 fxg6 38.Rb8 Rb5 39.Nc4 Rb3+ 40.Ke4 b5 41.Ne5 Rxb2 42.Nxg6 Rxf2 43.Nxf8 Rxf8
44.Rxb5 Ra8 45.a4 Kh7 46.Kf4 Ra7 47.Kg3 Ra6 48.Kh4 Kg8 49.Kh5 Kg7 50.Rb7+ Kg8
51.Rc7 Kh8 52.Kh4 Kg8 53.Kg3 Kf8 54.Kf4 Rf6+ 55.Ke5 Rg6 56.Kf5 Rg5+ 57.Kf4 Rd5
58.Rh7 Rd4+ 59.Kf5 Rxa4 60.Rxh6 Rb4 61.Ra6 a4 62.g5 Kg7 63.Ra7+ Kg8 64.Kg6 Rb6+  1/2-1/2

[Event "TCh-Central SRB 2012"]
[Site "Vrnjacka Banja SRB"]
[Date "2012.09.30"]
[Round "2.1"]
[White "Todorovic,Boj"]
[Black "Djokic,Nen"]
[Result "1-0"]
[WhiteElo "2327"]
[BlackElo "2401"]

1.d4 Nf6 2.c4 e6 3.Nc3 Bb4 4.Nf3 c5 5.e3 Nc6 6.Bd3 Bxc3+ 7.bxc3 d6 8.O-O O-O
9.e4 e5 10.d5 Ne7 11.Nh4 h6 12.g3 Bh3 13.Re1 Qd7 14.a4 g5 15.Ng2 Bxg2 16.Kxg2 Ng6
17.h4 gxh4 18.Bxh6 h3+ 19.Kg1 Rfe8 20.Qf3 Ng4 21.Bg5 f6 22.Be2 fxg5 23.Qxg4 Qxg4
24.Bxg4 Rf8 25.Bxh3 Kg7 26.Rab1 Rab8 27.Rb2 Kf6 28.Kg2 Rf7 29.Be6 Rh7 30.Bf5 Rbh8
31.a5 Rc7 32.Re3 Kg7 33.Rf3 Rf8 34.Rb1 Rh8 35.Be6 Nf8 36.Bg4 Rh6 37.Bf5 Nh7
38.Bxh7 Rxh7 39.Rf5 Kg6 40.Rf8 Rcd7 41.Rh1 Rxh1 42.Kxh1 Rf7 43.Rg8+ Kh7 44.Rb8 Rxf2
45.Rxb7+ Kg6 46.g4 Rf4 47.Rxa7 Rxg4 48.Rd7 Rxe4 49.Rxd6+ Kf5 50.Rd8 Rxc4
51.Rf8+ Kg6 52.d6 Rh4+ 53.Kg2 Rh7 54.Kf3 Rd7 55.a6 Kg7 56.Re8 Kf6 57.Ke4 g4
58.Kd5 g3 59.Rxe5 Rg7 60.Re1 Kf5 61.Kc6 Ra7 62.Kb6 Rd7 63.Rd1 g2 64.a7  1-0

[Event "TCh-Central SRB 2012"]
[Site "Vrnjacka Banja SRB"]
[Date "2012.09.30"]
[Round "2.6"]
[White "Mista,A"]
[Black "Brankovic,De"]
[Result "1-0"]
[WhiteElo "2543"]
[BlackElo "2337"]

1.d4 Nf6 2.c4 e6 3.Nc3 Bb4 4.Nf3 c5 5.g3 Ne4 6.Qd3 Qa5 7.Qxe4 Bxc3+ 8.Bd2 Bxd2+
9.Nxd2 d6 10.Bg2 O-O 11.d5 Bd7 12.Qc2 exd5 13.cxd5 Re8 14.Be4 Bh3 15.Bxh7+ Kf8
16.Be4 Nd7 17.Rg1 Nf6 18.Bf3 Re5 19.g4 Rae8 20.O-O-O Qxa2 21.Rg3 Bxg4 22.Bxg4 Nxg4
23.Rxg4 Rxe2 24.Qh7 g6 25.Rf4 Qxd5 26.Nc4 Qe6 27.Nxd6  1-0

[Event "TCh-Moscow 2012"]
[Site "Moscow RUS"]
[Date "2012.10.03"]
[Round "5.1"]
[White "Paravyan,D"]
[Black "Novichkov,Val"]
[Result "1/2-1/2"]
[WhiteElo "2277"]
[BlackElo "2380"]

1.d4 Nf6 2.c4 e6 3.Nc3 Bb4 4.Nf3 c5 5.g3 Ne4 6.Qd3 Qa5 7.Qxe4 Bxc3+ 8.Bd2 Bxd2+
9.Nxd2 d6 10.Bg2 Nc6 11.d5 Nd4 12.Qd3 e5 13.O-O O-O 14.e3 Nf5 15.Be4 g6 16.f4 exf4
17.Bxf5 Bxf5 18.e4 Bh3 19.Rf2 f3 20.Nxf3 f6 21.Nh4 Rae8 22.g4 Bxg4 23.Kh1 Re5
24.Rg1 Bh5 25.Nf5 Qc7 26.Qe3 Kh8 27.Qh6 Rfe8 28.Ng3 Qe7 29.h3 Rg5 30.h4 Rg4
31.Rf4 Rxf4 32.Qxf4 g5 33.hxg5 fxg5 34.Qe3 Bg6 35.Rf1 Bxe4+ 36.Qxe4 Qxe4+
37.Nxe4 Rxe4 38.Rf6 Rxc4 39.Rxd6 Kg7 40.Rd7+ Kg6 41.Rxb7 Rd4 42.Rxa7 Rxd5
43.Rb7 h5 44.a4 c4 45.Rb5 Rd3 46.a5 c3 47.bxc3 Rxc3 48.Kg2 Ra3 49.Rb6+ Kf5
50.Rb5+ Kf4 51.Rb4+ Ke3 52.Rb5 Ra2+ 53.Kh3 Kf4 54.Rb4+ Kf5 55.Rb5+ Kf6 56.Rb6+ Ke7
57.a6 Ra3+ 58.Kh2 Kf7 59.Rh6 h4 60.Rb6 g4 61.Rb4 Ra2+ 62.Kg1 Ra1+ 63.Kh2 g3+
64.Kh3 Rh1+ 65.Kg2 Rh2+ 66.Kg1 h3 67.Rb3 Rg2+ 68.Kh1 Rh2+ 69.Kg1 Rg2+ 70.Kh1 Rh2+  1/2-1/2

[Event "TCh-Central SRB 2012"]
[Site "Vrnjacka Banja SRB"]
[Date "2012.10.03"]
[Round "6.1"]
[White "Chatalbashev,B"]
[Black "Pantelic,Sa"]
[Result "1-0"]
[WhiteElo "2549"]
[BlackElo "2328"]

1.d4 Nf6 2.c4 e6 3.Nc3 Bb4 4.Nf3 b6 5.Bg5 h6 6.Bh4 Bb7 7.Nd2 c5 8.d5 Bxc3
9.bxc3 O-O 10.e4 d6 11.Bd3 e5 12.Nf1 Nbd7 13.Ne3 Re8 14.Nf5 Nf8 15.Qf3 Kh7
16.g4 Ng6 17.Bg3 Bc8 18.h4 Bxf5 19.gxf5 Nf4 20.Bxf4 exf4 21.Qxf4 b5 22.cxb5 Nxd5
23.Qd2 Qf6 24.Rc1 Qe5 25.Rg1 Nf4 26.Bb1 d5 27.Rg4 Nh5 28.f4 Qe7 29.e5 Nf6
30.Kf1 Rad8 31.Qg2 Rg8 32.exf6 Qxf6 33.Rd1 Kh8 34.Rg3 Qxh4 35.Qf3 d4 36.Rh3 Qf6
37.Qc6 Rd6 38.Qxc5 Re8 39.Rxd4 Rdd8 40.Qc6 Qe7 41.Re4 Qf8 42.Rxe8 Rxe8 43.f6 g6  1-0

[Event "TCh-Central SRB 2012"]
[Site "Vrnjacka Banja SRB"]
[Date "2012.10.03"]
[Round "7.4"]
[White "Todorovic,Boj"]
[Black "Mladenovic,St"]
[Result "1/2-1/2"]
[WhiteElo "2327"]
[BlackElo "2264"]

1.d4 Nf6 2.c4 e6 3.Nc3 Bb4 4.Nf3 b6 5.Qb3 Bxc3+ 6.Qxc3 Bb7 7.Bg5 h6 8.Bh4 g5
9.Bg3 Ne4 10.Qc2 d6 11.Nd2 Nxg3 12.hxg3 Qf6 13.e3 Nd7  1/2-1/2

[Event "TCh-ISL 2012-13"]
[Site "Reykjavik ISL"]
[Date "2012.10.06"]
[Round "3.4"]
[White "Thorsteins,K"]
[Black "Thorhallsson,G"]
[Result "1-0"]
[WhiteElo "2461"]
[BlackElo "2156"]

1.d4 Nf6 2.c4 e6 3.Nc3 Bb4 4.Nf3 c5 5.g3 b6 6.Bg2 Bb7 7.O-O cxd4 8.Qxd4 O-O
9.Rd1 h6 10.Bf4 Nc6 11.Qd3 Rc8 12.Bd6 Bxd6 13.Qxd6 Ne7 14.b3 a6 15.Rac1 Rc5
16.Na4 Nc8 17.Qd4 Ra5 18.Ne5 d5 19.Rc2 Ba8 20.cxd5 exd5 21.Bh3 Nd6 22.Qxb6 Qxb6
23.Nxb6 Bb7 24.a4 d4 25.Ned7 Nxd7 26.Nxd7 Re8 27.Rxd4 Nf5 28.Rdd2 Ne7 29.Nc5  1-0

[Event "TCh-ISL 2012-13"]
[Site "Reykjavik ISL"]
[Date "2012.10.07"]
[Round "4.1"]
[White "Thorsteins,K"]
[Black "Edvardsson,K"]
[Result "1-0"]
[WhiteElo "2461"]
[BlackElo "2214"]

1.d4 Nf6 2.c4 e6 3.Nc3 Bb4 4.Nf3 b6 5.Qb3 c5 6.a3 Ba5 7.Bf4 Nc6 8.e3 O-O
9.Bd6 Re8 10.Bd3 Ba6 11.O-O Bxc3 12.Qxc3 Rc8 13.dxc5 bxc5 14.Rfd1 Ne7 15.b4 Nf5
16.bxc5 Nxd6 17.cxd6 Rc5 18.Qb4 Qc8 19.Nd4 Bb7 20.f3 Ba6 21.e4 g6 22.a4 Nh5
23.Nb5 Bxb5 24.axb5 Nf4 25.Bf1 Rg5 26.g3 Qd8 27.c5 Nh5 28.b6 Nxg3 29.hxg3 Rxg3+
30.Bg2 Qg5 31.Qd2 Qxc5+ 32.Qf2 axb6 33.Qxc5 bxc5 34.Ra7 Rd8 35.Rda1 Kg7 36.Ra8 Rxa8
37.Rxa8 c4 38.Ra7 Rg5 39.Rxd7 Kf6 40.Rc7 Rb5 41.Bf1 Rb1 42.Kf2 Rd1 43.f4 e5
44.Bxc4 exf4 45.Rxf7+ Ke5 46.d7 Kxe4 47.Re7+ Kf5 48.Be6+ Kf6 49.Re8 h5 50.Bh3  1-0

[Event "FSFMB October 2012"]
[Site "Budapest HUN"]
[Date "2012.10.09"]
[Round "3.5"]
[White "Czipp,J"]
[Black "Lakat,G"]
[Result "0-1"]
[WhiteElo "1460"]
[BlackElo "1893"]

1.d4 Nf6 2.Nf3 e6 3.c4 Bb4+ 4.Nc3 Ne4 5.Qc2 f5 6.a3 Bxc3+ 7.bxc3 O-O 8.Bb2 b6
9.Nd2 Bb7 10.f3 Qh4+ 11.g3 Nxg3 12.hxg3 Qxh1 13.Kf2 Qh5 14.Bg2 d6 15.Qd3 Nd7
16.Rh1 Qg6 17.d5 Nc5 18.Qd4 e5 19.Qh4 h6 20.Bc1 Rae8 21.Nf1 Rf6 22.Bh3 Ref8
23.Rg1 Qf7 24.g4 g5 25.Qg3 f4 26.Qh2 e4 27.Bg2 e3+ 28.Bxe3 fxe3+ 29.Nxe3 Ne4+
30.Ke1 Nxc3 31.Kd2 Na4 32.Nf5 Rxf5 33.gxf5 Qf6 34.Ke1 Kg7 35.Rf1 Ba6 36.Kf2 Qd4+
37.e3 Qd2+ 38.Kg3 Qxe3 39.Kg4 Bc8  0-1

[Event "NIT Nagpur GM Open 2012"]
[Site "Nagpur IND"]
[Date "2012.10.17"]
[Round "3.12"]
[White "Kulkarni,R"]
[Black "Prasanna,Ra"]
[Result "1/2-1/2"]
[WhiteElo "2280"]
[BlackElo "2415"]

1.d4 Nf6 2.c4 e6 3.Nc3 Bb4 4.Nf3 b6 5.Bg5 h6 6.Bxf6 Qxf6 7.e4 Bxc3+ 8.bxc3 d6
9.e5 Qe7 10.Bd3 Bb7 11.O-O Nd7 12.Re1 O-O 13.Be4 Bxe4 14.Rxe4 c5 15.dxc5 dxe5
16.cxb6 axb6 17.Nxe5 Nxe5 18.Rxe5 Rfc8 19.Rb5 Rxc4 20.Rxb6 Rxc3 21.a4 Ra3
22.Rbb1 Rxa1  1/2-1/2

[Event "Spice Cup Open"]
[Site "Saint Louis USA"]
[Date "2012.10.19"]
[Round "8"]
[White "Banawa,Jou"]
[Black "Hambleton,A"]
[Result "1/2-1/2"]
[WhiteElo "2300"]
[BlackElo "2348"]

1.d4 e6 2.c4 Nf6 3.Nc3 Bb4 4.Nf3 b6 5.Bg5 Bb7 6.Nd2 h6 7.Bh4 Be7 8.e4 Nxe4
9.Bxe7 Nxc3 10.Bxd8 Nxd1 11.Bxc7 Nxb2 12.c5 Na4 13.Bd6 Nc6 14.Nb3 Nc3 15.f3 Nd5
16.Kd2 f6 17.a4 Kf7 18.a5 bxa5 19.Nxa5 Nxa5 20.Rxa5 Ne7 21.Bd3 Bd5 22.Rha1 Nc6
23.R5a4 a5 24.Bb5 g5 25.Bxc6 Bxc6 26.Rxa5 Rxa5 27.Rxa5 g4 28.fxg4 Bxg2 29.Ra3 Bd5
30.Rh3 Rg8 31.Rxh6 Rxg4 32.Rh7+ Kg6 33.Rxd7 Rxd4+ 34.Kc3 e5 35.Bf8 Rc4+ 36.Kd2 Be4
37.Rd6 Kf7 38.Rd8 Bg6 39.Bd6 Ke6 40.Rg8 Bh7 41.Re8+ Kd5 42.Rf8 Rd4+ 43.Ke3 f5
44.Re8 f4+ 45.Kf2 Re4 46.Bb8 Bg6 47.Re7 Bh5 48.c6 Re2+ 49.Kf1 Bg4 50.h3 Rb2
51.Rxe5+ Kxc6 52.hxg4 Rxb8 53.Kf2 Kd6 54.Re4 Rb3 55.Rxf4 Ke5 56.Rf8 Ke6 57.g5 Rb5
58.Rf6+ Ke7  1/2-1/2

[Event "13th Liberec Open 2012"]
[Site "Liberec CZE"]
[Date "2012.10.21"]
[Round "2"]
[White "Vetter,U"]
[Black "Truman,R"]
[Result "1/2-1/2"]
[WhiteElo "1746"]
[BlackElo "1969"]

1.c4 e6 2.d4 Nf6 3.Nc3 Bb4 4.Nf3 b6 5.Bg5 h6 6.Bh4 Bb7 7.e3 g5 8.Bg3 Ne4
9.Qc2 Bxc3+ 10.bxc3 d6 11.Bd3 f5 12.O-O Nd7 13.Nd2 Ndf6 14.Nxe4 Nxe4 15.Bxe4 Bxe4
16.Qe2 h5 17.f3 Bb7 18.e4 f4 19.Bf2 Qe7 20.c5 dxc5 21.dxc5 Kf7 22.cxb6 axb6
23.Rfd1 Rag8 24.Qb5 Bc8 25.Bd4 Rh7 26.e5  1/2-1/2

[Event "13th Liberec Open 2012"]
[Site "Liberec CZE"]
[Date "2012.10.23"]
[Round "5"]
[White "Voermans,A"]
[Black "Novotny,Jar2"]
[Result "1/2-1/2"]
[WhiteElo "1911"]
[BlackElo "2020"]

1.d4 Nf6 2.c4 e6 3.Nc3 Bb4 4.Nf3 Bxc3+ 5.bxc3 O-O 6.Qc2 d6 7.e4 e5 8.Be2 Re8
9.d5 b6 10.O-O Nbd7 11.Ba3 Nc5 12.Bxc5 dxc5 13.a4 a5 14.Qd2 Qd6 15.Bd3 Nh5
16.Rfe1 Bd7 17.g3 h6 18.Nh4 g5 19.Nf5 Qg6 20.Be2 Ng7 21.g4 Nxf5 22.gxf5 Qf6
23.Bh5 Kf8 24.Re3 Ke7 25.h3 Kd6 26.Kh2 Rg8 27.Qe2 Rg7 28.Rg3 Rag8 29.Qg4 Qe7
30.Qf3 f6 31.Bg6 Rh8 32.Qh5 Qf8 33.Ra2 Qa8 34.Qe2 Qa6 35.Ra1 Qc8 36.Qh5 Ke7
37.Ra2 Qf8 38.Qd1 Kd8 39.Rd2 Qd6 40.Kg2 Be8 41.Bxe8 Kxe8 42.Qb3 Rd7 43.Kh2 Ke7
44.Qd1 Rdd8 45.Qh5 Qd7 46.Ra2 Rdg8 47.Ra1 Kd6 48.Qd1 Qe8 49.Qb3 h5 50.Qb5 h4
51.Rg4 Rh7 52.Rb1 Qa8 53.f3 Qe8 54.Rb2  1/2-1/2

[Event "16th OIBM 2012"]
[Site "Bad Wiessee GER"]
[Date "2012.10.29"]
[Round "3.22"]
[White "Gerstner,B"]
[Black "Meins,G"]
[Result "0-1"]
[WhiteElo "2149"]
[BlackElo "2473"]

1.Nf3 Nf6 2.c4 e6 3.Nc3 Bb4 4.d4 O-O 5.e3 b6 6.Bd3 Bb7 7.O-O c5 8.a3 Bxc3
9.bxc3 d6 10.Nd2 Nc6 11.f4 e5 12.d5 Na5 13.fxe5 dxe5 14.Qf3 Qe7 15.Qg3 e4
16.Rxf6 Qxf6 17.Nxe4 Qg6 18.Qh4 f5 19.Ng5 Rae8 20.e4 Bc8 21.exf5 Bxf5 22.Bxf5 Qxf5
23.Bf4 h6  0-1

[Event "4th Marcel Duchamp Open"]
[Site "Buenos Aires ARG"]
[Date "2012.10.31"]
[Round "9.2"]
[White "Mayorga,N"]
[Black "Bitelmajer,M"]
[Result "1-0"]
[WhiteElo "2288"]
[BlackElo "2332"]

1.d4 Nf6 2.c4 e6 3.Nc3 Bb4 4.Nf3 O-O 5.Bg5 c5 6.e3 cxd4 7.exd4 d5 8.Bd3 dxc4
9.Bxc4 Nc6 10.O-O Be7 11.Re1 b6 12.Qd2 Bb7 13.Rad1 Nb4 14.Ne5 Nbd5 15.Bd3 Nd7
16.Bxe7 Qxe7 17.Ne4 f6 18.Nc4 Rfd8 19.Ned6 Nf8 20.Nxb7 Qxb7 21.Be4 Qd7 22.Ne3 Nxe3
23.Rxe3 Rac8 24.g3 Qd6 25.Bc2 Kh8 26.Qd3 Rc7 27.Bb3 Re7 28.Qe2 Rde8 29.Rc3 Ng6
30.Qc2 Qd8 31.h4 a6 32.Qe2 Rd7 33.Bxe6 Rxd4 34.Rxd4 Qxd4 35.Rc8 Qd7 36.Rxe8+ Qxe8  1-0

[Event "TCh-NOR Eliteserien 2012-13"]
[Site "Haraldsheim NOR"]
[Date "2012.11.02"]
[Round "1"]
[White "Hammer,J"]
[Black "Hillarp Persson,T"]
[Result "1-0"]
[WhiteElo "2633"]
[BlackElo "2556"]

1.d4 Nf6 2.c4 e6 3.Nc3 Bb4 4.Nf3 b6 5.e3 Bb7 6.Bd3 Ne4 7.O-O f5 8.Ne5 Nf6
9.Ne2 Bd6 10.h3 O-O 11.b3 a5 12.a3 Nc6 13.Bb2 Ne7 14.Nc3 Rc8 15.Nb5 Ne4 16.Qe1 Bxe5
17.dxe5 Nc5 18.Bc2 Be4 19.Qe2 Nc6 20.f3 Bxc2 21.Qxc2 f4 22.e4 Qg5 23.Qc3 Ne7
24.Rad1 Ng6 25.Ba1 Rf7 26.Rf2 Nb7 27.Rfd2 Nh4 28.Kh1 c6 29.Nd4 Qxe5 30.b4 Qg5
31.Nb3 a4 32.Nc1 d6 33.Qc2 Ra8 34.Nd3 c5 35.bxc5 bxc5 36.Rb1 e5 37.Ne1 Rd7
38.Qd3 Rf8 39.Qd5+ Rff7 40.Qc6 Nd8 41.Qxa4 h6 42.Qd1 Rf6 43.Rb6 Nf7 44.a4 Qg3
45.a5 Rg6 46.a6 d5 47.Rb7 dxe4 48.Rbxd7 Rxa6 49.Rxf7 Kxf7 50.Bxe5 Rg6 51.Rd8 Qxe1+
52.Qxe1  1-0

[Event "2nd Novara Open A 2012"]
[Site "Novara ITA"]
[Date "2012.11.03"]
[Round "3.1"]
[White "Petkov,V"]
[Black "Inkiov,V"]
[Result "1/2-1/2"]
[WhiteElo "2566"]
[BlackElo "2465"]

1.d4 Nf6 2.c4 e6 3.Nc3 Bb4 4.Nf3 d5 5.cxd5 exd5 6.Bg5 Nbd7 7.Qc2 c5 8.g3 Qa5
9.Bd2 O-O 10.Bg2 Ne4 11.Nxd5 Nxd2 12.Nxd2 cxd4 13.Nxb4 Qxb4 14.O-O Nf6 15.Ne4 Nxe4
16.Bxe4 h6 17.Rfd1 Rd8 18.Qd2 Qb6 19.Rac1 Be6 20.b3 a5 21.Qf4 a4 22.Qc7 Qxc7
23.Rxc7 axb3 24.axb3 Bxb3 25.Rb1 Bd5 26.Bxd5 Rxd5 27.Rbxb7 Rf5 28.Rd7 Ra2
29.Rb8+ Kh7 30.Re8 Rd2 31.Re4 h5 32.Rdxd4 Rxd4 33.Rxd4 Kg6 34.Rd6+ f6 35.f4 Ra5
36.Rd7 h4 37.Kg2 hxg3 38.hxg3 Ra2 39.Kf3 Rb2 40.g4 Rb1 41.Rd6 Rf1+ 42.Ke4 Rg1
43.g5 Rg3 44.e3 Rh3 45.Ra6 Rg3 46.Kd4 Rf3 47.Ra5 Rf1 48.Ke4 Rf2 49.gxf6 gxf6
50.f5+ Kf7 51.Ra7+ Ke8 52.Rh7 Rf1 53.Rh4 Ke7 54.Rf4 Rd1 55.Rf2 Ra1 56.Kf4 Ra4+
57.e4 Ra1 58.Rf3 Rb1 59.Ra3 Rf1+ 60.Ke3 Re1+ 61.Kd4 Rd1+ 62.Rd3 Re1 63.Kd5 Ra1
64.Rc3 Rd1+ 65.Kc5 Rd2 66.Rc4 Rd1 67.Kc6 Rd2 68.Ra4 Rc2+ 69.Kd5 Rd2+ 70.Kc5 Rc2+
71.Kd4 Rd2+ 72.Ke3 Rd7 73.Kf4 Rb7 74.Kg4 Kf7 75.Ra6 Rc7 76.Kh5 Kg7 77.e5 fxe5
78.Kg5 e4 79.Rh6 Rc5  1/2-1/2

[Event "16th OIBM 2012"]
[Site "Bad Wiessee GER"]
[Date "2012.11.04"]
[Round "9.19"]
[White "Naumann,Al"]
[Black "Schnelzer,R"]
[Result "1-0"]
[WhiteElo "2535"]
[BlackElo "2230"]

1.d4 Nf6 2.c4 e6 3.Nc3 Bb4 4.Nf3 Bxc3+ 5.bxc3 c5 6.g3 d6 7.dxc5 dxc5 8.Qxd8+ Kxd8
9.Ne5 Ke8 10.Bg2 Nfd7 11.Nd3 Nc6 12.Rb1 f6 13.Be3 Kd8 14.Nxc5 Nxc5 15.Bxc5 Kc7
16.Rd1 Rd8 17.Rxd8 Nxd8 18.Bf8 g6 19.Bg7 f5 20.Be5+ Kd7 21.O-O Nc6 22.Rd1+ Ke8
23.Bd6 Bd7 24.Rb1 Bc8 25.f4 Kd7 26.Rd1 Ke8 27.e4 Na5 28.Bc7 Nc6 29.c5 Bd7
30.Rb1 Bc8 31.Bf3 Ke7 32.h3 Kd7 33.Bd6 Na5 34.Rd1 Nc4 35.exf5 gxf5 36.c6+  1-0

[Event "FSFMB Nov 2012"]
[Site "Budapest HUN"]
[Date "2012.11.07"]
[Round "4.1"]
[White "Csetneki,M"]
[Black "Tessedik,K"]
[Result "1-0"]
[WhiteElo "1834"]
[BlackElo "1893"]

1.d4 Nf6 2.c4 e6 3.Nc3 Bb4 4.Nf3 c5 5.e3 O-O 6.Bd3 b6 7.O-O Bxc3 8.bxc3 Bb7
9.Rb1 Ne4 10.Qc2 f5 11.Ba3 d6 12.Nd2 Nxd2 13.Qxd2 Nd7 14.f4 Qh4 15.Be2 Rf6
16.Bf3 Bxf3 17.Rxf3 Rg6 18.Qf2 Qxf2+ 19.Rxf2 Nf6 20.Bb2 Ne4 21.Re2 Kf7 22.a4 Rc8
23.Rc1 h6 24.Ba1 Rf6 25.d5 g5 26.g3 gxf4 27.exf4 Rg6 28.dxe6+ Kxe6 29.Kg2 Kd7
30.Kf3 h5 31.Rd1 h4 32.g4 Rgg8 33.gxf5 Ng3 34.hxg3 Rxg3+ 35.Kf2 Rcg8 36.Rde1 h3
37.Re7+ Kc8 38.Re8+  1-0

[Event "WY GU18 2012"]
[Site "Maribor SLO"]
[Date "2012.11.08"]
[Round "1.13"]
[White "Vasiljeva,S"]
[Black "Varga,Kl"]
[Result "0-1"]
[WhiteElo "1873"]
[BlackElo "2191"]

1.d4 e6 2.c4 Nf6 3.Nc3 Bb4 4.Nf3 b6 5.Bg5 Bb7 6.e3 h6 7.Bxf6 Qxf6 8.Bd3 O-O
9.O-O Bxc3 10.bxc3 d6 11.e4 e5 12.Bc2 Nc6 13.Re1 Rfd8 14.Ba4 Na5 15.Qe2 c6
16.d5 Ba6 17.dxc6 Bxc4 18.Qb2 Rac8 19.Qa3 Qe7 20.Nd2 Be6 21.Nf3 Bg4 22.Nd2 Nxc6
23.h3 Be6 24.Bb3 Bxh3 25.gxh3 Qg5+ 26.Kf1 Qxd2 27.Rad1 Qf4 28.Rxd6 Na5 29.Rxd8+ Rxd8
30.Bd5 Qf6 31.Re3 Rxd5 32.exd5 Nc4 33.Qc1 Qf4 34.Kg2 Nxe3+ 35.Qxe3 Qxe3 36.fxe3 b5
37.Kf2 f5 38.Ke2 e4 39.Kd2 Kf7 40.c4 bxc4 41.Kc3 Ke7 42.Kxc4 Kd6 43.a4 g5
44.Kb5 f4 45.Ka6 fxe3 46.Kxa7 e2 47.a5 e1=Q 48.a6 Qb4 49.Ka8 Kc7 50.d6+ Qxd6  0-1

[Event "Bundesliga 2012-13"]
[Site "Wiesbaden GER"]
[Date "2012.11.11"]
[Round "4"]
[White "Hirneise,T"]
[Black "Poetsch,H"]
[Result "1-0"]
[WhiteElo "2448"]
[BlackElo "2466"]

1.d4 Nf6 2.c4 e6 3.Nc3 Bb4 4.Nf3 Ne4 5.Qc2 f5 6.Bd2 Bxc3 7.Bxc3 d6 8.e3 Nd7
9.Bd3 Ndf6 10.Nd2 Nxc3 11.Qxc3 O-O 12.O-O b6 13.e4 fxe4 14.Nxe4 Bb7 15.Qc2 Nh5
16.Ng3 Nf6 17.Rae1 Qd7 18.f4 Rae8 19.h3 g6 20.Kh2 c5 21.dxc5 bxc5 22.Ne4 Nh5
23.Qd2 Ng7 24.Bc2 Rd8 25.Ng5 Ba6 26.Bd3 d5 27.Qc2 h6 28.Nf3 Bxc4 29.Bxc4 dxc4
30.Ne5 Qe8 31.Nxg6 Rf5 32.Ne5 Rd4 33.Re4 Qf8 34.g4 Rxe5 35.Rxe5 Rxf4 36.Rf5 exf5
37.Rxf4 Qd6 38.Qxc4+ Ne6 39.Kg3 fxg4 40.Kxg4 Kg7 41.Rf1 h5+ 42.Kxh5 Qe5+
43.Kg4 Qg5+ 44.Kf3 Nd4+ 45.Ke4 Qg6+ 46.Kd5 Qc6+ 47.Ke5 Qc7+ 48.Ke4 Qe7+ 49.Kd5 Qe6+
50.Kxc5 Qe5+ 51.Kb4 Qe7+ 52.Ka4 Qd7+ 53.Ka3 Qd6+ 54.b4 Qg3+ 55.Ka4  1-0

[Event "FIDE WCh Women World Cup"]
[Site "Khanty-Mansiysk RUS"]
[Date "2012.11.14"]
[Round "2.1"]
[White "Zhao Xue"]
[Black "Khurtsidze,N"]
[Result "1-0"]
[WhiteElo "2565"]
[BlackElo "2428"]

1.d4 Nf6 2.c4 e6 3.Nc3 Bb4 4.Nf3 c5 5.g3 Ne4 6.Qd3 Qa5 7.Qxe4 Bxc3+ 8.Bd2 Bxd2+
9.Nxd2 O-O 10.Bg2 Na6 11.dxc5 Nxc5 12.Qb1 Na4 13.Qc2 Rb8 14.a3 d5 15.O-O Bd7
16.b3 Nb6 17.c5 Rfc8 18.Rfc1 Rc7 19.e4 dxe4 20.b4 Qa4 21.Qxe4 Nd5 22.Qe5 Rbc8
23.Nc4 f6 24.Qh5 Bc6 25.Nd6 Rd8 26.Qe2 Bd7 27.Qa2 Bc6 28.Re1 Re7 29.Qb2 b6
30.Nf5 exf5 31.Bxd5+ Kf8 32.Rxe7 Kxe7 33.Qe2+ Kf8 34.Bxc6 Qxc6 35.Re1 Kg8
36.Qe7 Ra8 37.Re6 Qf3 38.c6 h5 39.Rd6 Kh8 40.c7 h4 41.Qe3 Qb7 42.Rd8+ Kh7
43.Qe8  1-0

[Event "38th ch-BAN 2012"]
[Site "Dhaka BAN"]
[Date "2012.11.17"]
[Round "9.7"]
[White "Murshed,N"]
[Black "Mohammad,J"]
[Result "1-0"]
[WhiteElo "2452"]
[BlackElo "2203"]

1.d4 Nf6 2.c4 e6 3.Nc3 Bb4 4.Nf3 d5 5.Qa4+ Nc6 6.e3 O-O 7.Bd2 a6 8.a3 Be7
9.Qc2 Re8 10.Bd3 h6 11.Rd1 dxc4 12.Bxc4 Bd6 13.Ne2 Qe7 14.Ng3 e5 15.d5 e4
16.dxc6 exf3 17.gxf3 bxc6 18.Rg1 Bxg3 19.hxg3 Nd5 20.Be2 Qf6 21.e4 Nb6 22.b4 Qg6
23.Rc1 Bd7 24.Bf4 Re7 25.Rh1 Rae8 26.Kf1 f5 27.Bd3 fxe4 28.Bxe4 Qf6 29.Kg2 Nd5
30.Bd2 Rf8 31.Rhe1 Ref7 32.f4 Kh8 33.Qd3 Re7 34.Bc3 Nxc3 35.Qxc3 Qe6 36.Bf3 Qh3+
37.Kg1 Rxe1+ 38.Rxe1 Rf6 39.Qd3 Rd6 40.Qxa6 Kh7 41.Qe2 Bf5 42.Bg2 Qg4 43.Qxg4 Bxg4
44.Rc1 Bd7 45.Be4+ Kg8 46.Kf1 Kf7 47.Ke2 Ke7 48.Ke3 Be8 49.Rc5 Kd7 50.a4 Kc8
51.a5 Bd7 52.Bf3 Kb8 53.Re5 Kb7 54.Re7 Bf5 55.b5  1-0

[Event "FIDE WCh Women World Cup"]
[Site "Khanty-Mansiysk RUS"]
[Date "2012.11.17"]
[Round "3.1"]
[White "Huang Qian"]
[Black "Krush,I"]
[Result "0-1"]
[WhiteElo "2465"]
[BlackElo "2470"]

1.d4 Nf6 2.c4 e6 3.Nf3 Bb4+ 4.Nc3 c5 5.g3 Nc6 6.d5 Bxc3+ 7.bxc3 Na5 8.Nd2 O-O
9.Bg2 d6 10.O-O Ng4 11.e4 Ne5 12.f4 Nexc4 13.Nxc4 Nxc4 14.dxe6 fxe6 15.Qe2 b5
16.Rd1 Bb7 17.Bd2 a6 18.Be1 Qe7 19.Bf2 Kh8 20.a4 Bc6 21.h4 g6 22.axb5 axb5
23.Rxa8 Bxa8 24.Bh3 e5 25.f5 Qb7 26.fxg6 Qxe4 27.Qxe4 Bxe4 28.Bf1 Bf3 29.Rb1 Nd2
30.Rxb5 Nxf1 31.Kxf1 hxg6 32.Rb6 Rd8 33.Be3 Kg7 34.Kf2 Be4 35.g4 Rf8+ 36.Ke2 Bf3+
37.Ke1 Rd8 38.g5 Rd7 39.Kf2 Bd1 40.Ke1 Bg4 41.Rb2 Kf7 42.Rg2 Bh5 43.Kd2 Ke6
44.Rf2 Kd5 45.Kd3 e4+ 46.Kc2 Bf3 47.Rf1 Ra7 48.Kb3 Rb7+ 49.Kc2 Be2 50.Rf6 Bd3+
51.Kd1 Rb1+ 52.Kd2 Kc4 53.h5 Rb2+ 54.Kd1 Kxc3 55.Rxd6 Rb1+ 56.Bc1 e3 57.Re6 e2+  0-1

[Event "WY BU14 2012"]
[Site "Maribor SLO"]
[Date "2012.11.18"]
[Round "11.5"]
[White "Paravyan,D"]
[Black "Petrosyan,M"]
[Result "0-1"]
[WhiteElo "2285"]
[BlackElo "2281"]

1.d4 Nf6 2.c4 e6 3.Nc3 Bb4 4.Nf3 c5 5.g3 O-O 6.Bg2 Nc6 7.O-O d5 8.cxd5 exd5
9.Bg5 Be6 10.Rc1 c4 11.e3 h6 12.Bxf6 Qxf6 13.Nd2 Rfd8 14.b3 Rac8 15.bxc4 dxc4
16.Qa4 Qe7 17.Ndb1 Na5 18.a3 Bxc3 19.Rxc3 b6 20.Nd2 a6 21.Rfc1 Qc7 22.Qb4 b5
23.Ne4 Bd5 24.Nc5 Nc6 25.Qb1 Bxg2 26.Kxg2 Ne7 27.Qe4 Nd5 28.R3c2 Qc6 29.Qf3 f5
30.Kg1 g6 31.h4 h5 32.e4 fxe4 33.Nxe4 Rf8 34.Qg2 Nf6 35.d5 Nxd5 36.Rd1 Nf6
37.Nxf6+ Rxf6 38.Qh3 Rcf8 39.Rd7 Qe4 40.Rdd2 c3 41.Re2 Qd3 42.Qg2 Rf3 43.Qh3 Qd1+
44.Kh2 R8f5 45.Qg2 Qd4 46.Qf1 a5 47.Qe1 b4 48.axb4 axb4 49.Qb1 Rxf2+ 50.Rxf2 Rxf2+
51.Rxf2 Qxf2+ 52.Kh1 Qf3+ 53.Kh2 Qe2+ 54.Kh3 Qe6+ 55.Kh2 b3 56.Qd3 c2 57.Qd2 Kh7
58.Qc3 Qe2+  0-1